[Event "Twente Young Master op-D"]
[Site "Twente"]
[Date "2007.08.09"]
[Round "8"]
[White "Van der Gouw, Sharitha"]
[Black "Schakel, Tijmen"]
[Result "0-1"]
[WhiteElo "1480"]
[BlackElo "1145"]
[PlyCount "80"]
[EventDate "2007.08.06"]
[EventType "swiss"]
[EventRounds "13"]
[EventCountry "NED"]
[SourceTitle "EXT 2008"]
[Source "ChessBase"]
[SourceDate "2007.11.25"]
[SourceVersion "1"]
[SourceVersionDate "2007.11.25"]
[SourceQuality "1"]

1. e4 Nf6 2. Nc3 d5 3. exd5 Nxd5 4. Nxd5 Qxd5 5. Nf3 Nc6 6. Be2 Bf5 7. d3 0-0-0 8. Be3 g6 9. d4 Nb4 10. 0-0 Nxc2 11. Rc1 Nxe3 12. fxe3 Qxa2 13. Qd2 Bg7 14. Qc3 c6 15. Bc4 Qa4 16. Rfd1 e5 17. Rd2 exd4 18. exd4 Bh6 19. b3 Bxd2 20. Nxd2 Qa3 21. Ra1 Qe7 22. Rf1 Rhe8 23. Nf3 Qe3+ 24. Qxe3 Rxe3 25. Bxf7 Be6 26. Bxe6+ Rxe6 27. Kf2 Rf6 28. Rd1 c5 29. d5 Rf5 30. Kg3 Rfxd5 31. Rc1 b6 32. Rc4 Rd3 33. b4 R8d4 34. Rxd4 cxd4 35. Kf2 a5 36. Ke2 Re3+ 37. Kd2 Rxf3 38. gxf3 a4 39. Kc1 a3 40. Kb1 d3 0-1

[Event "NED-ch U13 Girls"]
[Site "Rijswijk"]
[Date "2007.05.18"]
[Round "6"]
[White "Dalemans, Diana"]
[Black "Van der Gouw, Sharitha"]
[Result "1-0"]
[WhiteElo "1591"]
[BlackElo "1446"]
[PlyCount "63"]
[EventDate "2007.05.17"]
[EventType "swiss"]
[EventRounds "9"]
[EventCountry "NED"]
[SourceTitle "EXT 2009"]
[Source "ChessBase"]
[SourceDate "2008.11.26"]
[SourceVersion "1"]
[SourceVersionDate "2008.11.26"]
[SourceQuality "1"]

1. e4 e5 2. Nf3 Nc6 3. d4 exd4 4. Nxd4 Qh4 5. Nc3 Bb4 6. Nxc6 Bxc3+ 7. bxc3 Qxe4+ 8. Be2 Qxc6 9. 0-0 Ne7 10. Qd4 0-0 11. Re1 d6 12. Bf3 Qd7 13. c4 Nf5 14. Qc3 c6 15. Bb2 f6 16. Rad1 b6 17. Bg4 Qc7 18. Qd3 Ne7 19. Qxd6 Qxd6 20. Rxd6 Bxg4 21. Rxe7 c5 22. h3 Bf5 23. g4 Bxc2 24. Rdd7 a6 25. Rxg7+ Kh8 26. f4 Rad8 27. Rxd8 Rxd8 28. Bxf6 Rd1+ 29. Kf2 Rd2+ 30. Kg3 Rd3+ 31. Kh4 Ra3 32. Rg5# 1-0

[Event "NED-ch U13 Girls"]
[Site "Rijswijk"]
[Date "2007.05.18"]
[Round "5"]
[White "Hupkens, Mia Rosa"]
[Black "Van der Gouw, Sharitha"]
[Result "0-1"]
[WhiteElo "1354"]
[BlackElo "1446"]
[PlyCount "46"]
[EventDate "2007.05.17"]
[EventType "swiss"]
[EventRounds "9"]
[EventCountry "NED"]
[SourceTitle "EXT 2009"]
[Source "ChessBase"]
[SourceDate "2008.11.26"]
[SourceVersion "1"]
[SourceVersionDate "2008.11.26"]
[SourceQuality "1"]

1. e4 e5 2. Nf3 Nc6 3. Bb5 a6 4. Bxc6 dxc6 5. Nxe5 Qd4 6. Ng4 Qxe4+ 7. Ne3 Nf6 8. 0-0 Bd6 9. Re1 0-0 10. Nc3 Qg6 11. d3 Qh6 12. Nf1 Qg6 13. Qf3 Bg4 14. Qe3 Rfe8 15. Qd2 Bf3 16. Ne3 Bf4 17. g3 Ng4 18. Ncd1 Nxh2 19. Qb4 Bg5 20. Ng2 Qh5 21. Bxg5 Bxd1 22. Rexd1 Nf3+ 23. Kf1 Qh1# 0-1

[Event "NED-ch U13 Girls"]
[Site "Rijswijk"]
[Date "2007.05.17"]
[Round "3"]
[White "Brouwers, Carmen"]
[Black "Van der Gouw, Sharitha"]
[Result "0-1"]
[WhiteElo "1089"]
[BlackElo "1446"]
[PlyCount "36"]
[EventDate "2007.05.17"]
[EventType "swiss"]
[EventRounds "9"]
[EventCountry "NED"]
[SourceTitle "EXT 2009"]
[Source "ChessBase"]
[SourceDate "2008.11.26"]
[SourceVersion "1"]
[SourceVersionDate "2008.11.26"]
[SourceQuality "1"]

1. e4 e5 2. Nf3 Nc6 3. Bc4 Nf6 4. Ng5 d5 5. exd5 Na5 6. Bb5+ c6 7. dxc6 bxc6 8. Be2 h6 9. Nf3 e4 10. Ne5 Qd4 11. d3 Qxe5 12. 0-0 Bd6 13. g3 0-0 14. Nc3 Bh3 15. Re1 Rfe8 16. Nxe4 Nxe4 17. dxe4 Qxe4 18. Qxd6 Qg2# 0-1